000 00867nam a2200277Ia 4500
003 OSt
005 20220926021007.0
006 a|||||r|||| 00| 0
007 ta
008 220923b |||||||| |||| 00| 0 eng d
020 _a0312393504
037 _cGeneral Book
040 _aRTL
_cRTL
_beng
041 _2eng
_aeng
082 _aU481.1(X).N7, L9
100 _aMurison Hamish S Ed.
_9325540
245 0 _aHousing in third world countires
_b Perspective on
260 _aNew York
_bSt Martir Press U S A
_c1979
300 _a182p
_ccm.
490 _aInternational Workshop on housing in the third world Countries. 1978
500 _aBibp. 173-79
650 _aHuman Geography
_91464
700 _a Lee John P Ed.
_9325541
942 _hU481.1(X).N7, L9
_cGB
_2CC
999 _c635418
_d635418